Statistics for 2017 PDC World Cup of Darts Countries

Click here to take the quiz!

General Stats

  • This quiz has been taken 42 times
  • The average score is 27 of 32

Answer Stats

ContinentCountry% Correct
S.AmericaBrazil
97%
OceaniaAustralia
95%
N.AmericaCanada
95%
EuropeEngland
95%
EuropeWales
95%
EuropeAustria
92%
EuropeGermany
92%
EuropeNetherlands
92%
EuropeScotland
92%
EuropeSweden
92%
N.AmericaUnited States
92%
EuropeBelgium
89%
AsiaChina
89%
EuropeIreland
89%
EuropeSpain
89%
EuropeDenmark
87%
AsiaJapan
87%
AfricaSouth Africa
87%
EuropeFinland
84%
OceaniaNew Zealand
84%
EuropeNorthern Ireland
84%
EuropePoland
84%
EuropeItaly
82%
EuropeHungary
76%
EuropeRussia
76%
AsiaSingapore
74%
EuropeCzech Republic
71%
AsiaHong Kong
66%
EuropeGreece
63%
EuropeLatvia
58%
AsiaThailand
58%
EuropeGibraltar
47%

Score Distribution

Percentile by Number Answered

Percent of People with Each Score

Your Score History

You have not taken this quiz